000
00213 a2200097 4500
001
8629
100
_a
Abdur Rauf Dr.
245
_a
History of Islam (Illustrated)
260
_a
_b
Ferozsons
_c
090
_c
6952
_d
6952
942
_a
NUST-CAE
_c
M
_c
33547
999
_c
243702
_d
243702